000 00674nam a2200277Ia 4500
005 20260324130822.0
008 008 260324s9999 xx 000 0 eng d
020 _a9780203936474
037 _aEBOOK
040 _aCRL
040 _beng
040 _cCRL
041 _2eng
041 _aeng
084 _qCRL
100 _aJoan Haran; Jenny Kitzinger; Maureen McNeil; Kate O'Riordan
_91183200
245 0 _aHuman Cloning in the Media
260 _bTaylor and Francis
260 _c2007
365 _a
365 _b240
856 _uhttp://www.taylorfrancis.com/books/9780203936474
942 _cEBOOK
999 _c1779734
_d1779734